| 000 | 00630nam a22002297a 4500 | ||
|---|---|---|---|
| 999 |
_c172499 _d172499 |
||
| 005 | 20200206121428.0 | ||
| 010 | _aENG-127660 | ||
| 020 |
_a9789353433130 _c899.00 |
||
| 035 | _aEN-111192 | ||
| 037 | _bDBAD/PUB | ||
| 082 | _a621.815 | ||
| 100 | _aSpotts,M.F | ||
| 245 | _aDesign of Machine Elements/ | ||
| 250 | _a8th rev. | ||
| 260 |
_aNoida _bPearson _c2019 |
||
| 270 |
_bNoida _a15th floor,Tower-B,World Trade Tower,plot no.1,Block-c,sector 16 _e201301 |
||
| 300 |
_axvii;714 _b23cm(pbk) |
||
| 700 | _aSpotts,M.F | ||
| 700 | _aShoup,T.E | ||
| 760 | _bHornberger,L.E | ||
| 942 |
_2ddc _cEN _h004 _mSPO |
||